ՀՀ Գիտությունների ազգային ակադեմիայի հիմնարար գիտական գրադարան  =   Fundamental Scientific Library of NAS RA

К.Э. Циолковский : (Record no. 399411)

MARC details
000 -LEADER
fixed length control field 00725nam a22002057a 4500
003 - CONTROL NUMBER IDENTIFIER
control field AM-YeHGA
005 - DATE AND TIME OF LATEST TRANSACTION
control field 20250617153839.0
008 - FIXED-LENGTH DATA ELEMENTS--GENERAL INFORMATION
fixed length control field 180209b xxu||||| |||| 00| 0 rus d
040 ## - CATALOGING SOURCE
Original cataloging agency AM-YeHGA
041 0# - LANGUAGE CODE
Language code of text/sound track or separate title rus
090 ## - LOCALLY ASSIGNED LC-TYPE CALL NUMBER (OCLC); LOCAL CALL NUMBER (RLIN)
-- 401567
100 1# - MAIN ENTRY--PERSONAL NAME
Personal name Арлазоров, Михаил Саулович
245 10 - TITLE STATEMENT
Title К.Э. Циолковский :
Remainder of title Страницы великой жизни /
Statement of responsibility, etc. Текст М. Арлазорова
260 ## - PUBLICATION, DISTRIBUTION, ETC.
Place of publication, distribution, etc. Калуга :
Name of publisher, distributor, etc. Кн. изд-во,
Date of publication, distribution, etc. 1964
300 ## - PHYSICAL DESCRIPTION
Extent 55 с.,
Other physical details ил.
600 14 - SUBJECT ADDED ENTRY--PERSONAL NAME
Personal name Циолковский, Константин Эдуардович
653 0# - INDEX TERM--UNCONTROLLED
Uncontrolled term Межпланетные полеты
653 0# - INDEX TERM--UNCONTROLLED
Uncontrolled term Реактивная техника
942 ## - ADDED ENTRY ELEMENTS (KOHA)
Source of classification or shelving scheme Universal Decimal Classification
Koha item type Գրքեր / Books
Holdings
Withdrawn status Lost status Damaged status Not for loan Collection Home library Current library Date acquired Total checkouts Full call number Barcode Date last seen Price effective from Koha item type Public note
        General Fundamental Scientific Library Fundamental Scientific Library 09/02/2018   PIII/14718 FL0478995 09/02/2018 09/02/2018 Գրքեր / Books 30 Days Loan


ՀՀ ԳԱԱ հիմնարար գիտական գրադարան
ՀՀ,Երևան 0019
Մարշալ Բաղրամյան 24/6
հեռախոս:(374-10) 52-47-50
Հետադարձ կապ

All site content, except where otherwise noted, is licensed under a
Creative Commons License